000 00848nam a2200277 a 4500
001 000109929
003 CHAP
005 20220329144109.0
008 140610s2012 mx | |rm |0|||||spa|d
010 _a106391
011 _a107363
040 _cCHAP
090 _aTesis
100 1 _aAnota Bravo, Adilene
_9127272
245 1 0 _aEfecto de frecuencia de corte sobre la composición química y paredes celulares del pasto mombasa (Panicum máximum cv. Mombasa) /
_cpor Adilene Anota Bravo.
260 _aCocula, Gro. :
_bEl autor,
_c2012.
300 _aiv, 55 h.
502 _aTesis (Ing. Agr. Zootecnista) -- CSAEGRO
590 _aE792CSJ
_b05
_c20140610
_lUCH01
_h0934
650 1 4 _aPanicum maximum.
_985105
650 1 4 _aPastos
_xAnálisis.
_985993
650 1 4 _aPastos
_xCorte.
_986011
901 _aBK
942 _cTESIS
942 _n0
999 _c106391
_d106391